LIBRARY & INFORMATION CENTRE, KCAET, TAVANUR

ONLINE PUBLIC ACCESS CATALOGUE (OPAC)

Normal view MARC view
  • Chatterjee, Binoy K

Entry Personal Name

Number of records used in: 2

001 - CONTROL NUMBER

  • control field: 7583

003 - CONTROL NUMBER IDENTIFIER

  • control field: OSt

005 - DATE AND TIME OF LATEST TRANSACTION

  • control field: 20250617153231.0

008 - FIXED-LENGTH DATA ELEMENTS

  • fixed length control field: 250617|| aca||aabn | a|a d

040 ## - CATALOGING SOURCE

  • Original cataloging agency: OSt
  • Transcribing agency: OSt

100 ## - HEADING--PERSONAL NAME

  • Personal name: Chatterjee, Binoy K

670 ## - SOURCE DATA FOUND

  • Source citation: Work cat.: (OSt)7396: Chatterjee, Binoy K ., Theory and design of concrete shells / , 1978.
free website counter